header

Life and death in the Delta (Record no. 94622)

MARC details
000 -LEADER
fixed length control field 01837nam a2200409Ia 4500
100 1# - MAIN ENTRY--AUTHOR NAME
Personal name Rogers, Kim Lacy.
245 10 - TITLE STATEMENT
Title Life and death in the Delta
260 ## - PUBLICATION, DISTRIBUTION, ETC. (IMPRINT)
Place of publication New York :
Name of publisher Palgrave Macmillan,
Year of publication 2006.
300 ## - PHYSICAL DESCRIPTION
Number of Pages x, 214 p. :
Other physical details ill.
650 #0 - SUBJECT ADDED ENTRY--TOPICAL TERM
Topical Term African Americans
Topical Term African Americans
Topical Term African Americans
Topical Term African Americans
Topical Term Rural poor
Topical Term African American farmers
Topical Term Social change
856 40 - ELECTRONIC LOCATION AND ACCESS
Uniform Resource Identifier http://site.ebrary.com/lib/rucke/Doc?id=10150445

No items available.

© 2026 Rongo University
Contact us: librarian | system librarian | Rongo university